2013 Formula One Drivers - Statistics

General Stats
  • This quiz has been taken 47 times
  • The average score is 16 of 22
Answer Stats
Team Country Driver % Correct
Ferrari Spain Fernando Alonso
100%
Mercedes United Kingdom Lewis Hamilton
100%
Red Bull Germany Sebastian Vettel
100%
Ferrari Brazil Felipe Massa
98%
McLaren Mexico Sergio Pérez
98%
Mercedes Germany Nico Rosberg
95%
Red Bull Australia Mark Webber
93%
McLaren United Kingdom Jenson Button
88%
Toro Rosso Australia Daniel Ricciardo
86%
Lotus Finland Kimi Räikkönen
86%
Sauber Germany Nico Hülkenberg
86%
Lotus France Romain Grosjean
81%
Williams Finland Valtteri Bottas
81%
Williams Venezuela Pastor Maldonado
79%
Marussia France Jules Bianchi
62%
Sauber Mexico Esteban Gutiérrez
57%
Toro Rosso France Jean-Éric Vergne
48%
Force India United Kingdom Paul di Resta
48%
Force India Germany Adrian Sutil
38%
Marussia United Kingdom Max Chilton
38%
Caterham France Charles Pic
36%
Caterham Netherlands Giedo van der Garde
31%
No matching quizzes found
Score Distribution
Percent of People with Each Score
Percentile by Number Answered
Your Score History
You have not taken this quiz